Home Print Resources E-Books E-Journals IIMT Lecture Series Library Membership Form Book Recommendation Form Campus Tour Take AdmissionAbout Us Contact Us

HYDRAULICS (HINDI) (Record no. 40545)

000 -LEADER
fixed length control field 00379nam a22001697a 4500
003 - CONTROL NUMBER IDENTIFIER
control field OSt
005 - DATE AND TIME OF LATEST TRANSACTION
control field 20240404120918.0
008 - FIXED-LENGTH DATA ELEMENTS--GENERAL INFORMATION
fixed length control field 170920b xxu||||| |||| 00| 0 eng d
020 ## - INTERNATIONAL STANDARD BOOK NUMBER
International Standard Book Number NA
040 ## - CATALOGING SOURCE
Transcribing agency SEROSOFT
100 ## - MAIN ENTRY--PERSONAL NAME
Personal name GARG, R.P
245 ## - TITLE STATEMENT
Title HYDRAULICS (HINDI)
250 ## - EDITION STATEMENT
Edition statement 3rd
260 ## - PUBLICATION, DISTRIBUTION, ETC.
Place of publication, distribution, etc. MEERUT
Name of publisher, distributor, etc. BHARAT BHARTI PUB.
Date of publication, distribution, etc. 2017-18
300 ## - PHYSICAL DESCRIPTION
Extent 294
942 ## - ADDED ENTRY ELEMENTS (KOHA)
Source of classification or shelving scheme
Koha item type Book Bank
Edition 3RD
Holdings
Withdrawn status Lost status Source of classification or shelving scheme Damaged status Not for loan Home library Current library Date acquired Source of acquisition Coded location qualifier Cost, normal purchase price Inventory number Total Checkouts Full call number Barcode Date last seen Price effective from Koha item type Date last checked out Total Renewals
          IIMT University Central Library Meerut IIMT University Central Library Meerut 09/16/2017 BBD POLYTECHNI 240.00 448   621.2 GAR 01-B-123371 09/20/2017 09/20/2017 Book Bank    
          IIMT University Central Library Meerut IIMT University Central Library Meerut 09/16/2017 BBD POLYTECHNI 240.00 448 1 621.2 GAR 01-B-123372 12/22/2017 09/20/2017 Book Bank 12/04/2017  
          IIMT University Central Library Meerut IIMT University Central Library Meerut 09/16/2017 BBD POLYTECHNI 240.00 448 1 621.2 GAR 01-B-123373 02/06/2018 09/20/2017 Book Bank 01/23/2018  
          IIMT University Central Library Meerut IIMT University Central Library Meerut 09/16/2017 BBD POLYTECHNI 240.00 448 4 621.2 GAR 01-B-123374 08/05/2020 09/20/2017 Book Bank 03/20/2020 1
          IIMT University Central Library Meerut IIMT University Central Library Meerut 09/16/2017 BBD POLYTECHNI 240.00 448 2 621.2 GAR 01-B-123375 01/15/2019 09/20/2017 Book Bank 09/10/2018  
          IIMT University Central Library Meerut IIMT University Central Library Meerut 09/16/2017 BBD POLYTECHNI 240.00 448 2 621.2 GAR 01-B-123376 01/16/2019 09/20/2017 Book Bank 09/19/2018  
          IIMT University Central Library Meerut IIMT University Central Library Meerut 09/16/2017 BBD POLYTECHNI 240.00 448 2 621.2 GAR 01-B-123377 01/15/2019 09/20/2017 Book Bank 10/15/2018  
          IIMT University Central Library Meerut IIMT University Central Library Meerut 09/16/2017 BBD POLYTECHNI 240.00 448 2 621.2 GAR 01-B-123378 12/21/2017 09/20/2017 Book Bank 10/05/2017  
          IIMT University Central Library Meerut IIMT University Central Library Meerut 09/16/2017 BBD POLYTECHNI 240.00 448 3 621.2 GAR 01-B-123379 01/13/2020 09/20/2017 Book Bank 08/21/2019  
          IIMT University Central Library Meerut IIMT University Central Library Meerut 09/16/2017 BBD POLYTECHNI 240.00 448 2 621.2 GAR 01-B-123380 01/15/2020 09/20/2017 Book Bank 01/09/2020  
IIMT, Central Library. All Rights Reserved IIMT,UNIVERSITY © 2023
Implemented and Customised by I CLOUDE EMS
You Are OPAC Visitor No
free web counter

Powered by Koha